| 000 | 00760nam a2200253Ia 4500 | ||
|---|---|---|---|
| 003 | OSt | ||
| 005 | 20220912151200.0 | ||
| 006 | a|||||r|||| 00| 0 | ||
| 007 | ta | ||
| 008 | 220909b |||||||| |||| 00| 0 eng d | ||
| 024 | _a40389 | ||
| 037 | _cTextual | ||
| 040 |
_aCSL _beng _cCSL |
||
| 041 | _aeng | ||
| 082 | _aE:218, M4 | ||
| 100 | _aDykstra Clifford E Ed. | ||
| 245 | 0 | _aAdvanced theories and computational approaches to the electronic structure od molecules | |
| 260 |
_aBoston _bD Reidel Pub _c1984 |
||
| 300 |
_aviii, 236p. _ccm. |
||
| 490 | _aNATO ASI series: Mathematical and physical sciences; 133 | ||
| 650 | _aMolecular chemistry | ||
| 942 |
_hE:218, M4 _cTEXL _2CC |
||
| 999 |
_c62931 _d62931 |
||